| Tag |
First Indicator |
Second Indicator |
Subfields |
| LEADER |
00000cam a2200000 a 4500 |
| 001 |
in00001502821 |
| 005 |
20151021074436.0 |
| 008 |
931221s1993 njua r 000 0 eng |
| 010 |
|
|
|a 93085005
|
| 020 |
|
|
|a 0878919201
|
| 035 |
|
|
|a (OCoLC)29551085
|
| 035 |
|
|
|9 AJH7865AM
|
| 040 |
|
|
|a DLC
|c DLC
|d TXA
|d UtOrBLW
|
| 043 |
|
|
|a n-us---
|
| 049 |
|
|
|a TXAM
|
| 050 |
0 |
0 |
|a KF266
|b .R43 1993
|
| 082 |
0 |
0 |
|a 340/.71/173
|2 20
|
| 245 |
0 |
0 |
|a REA's authoritative guide to law schools.
|
| 264 |
|
1 |
|a Piscataway, N.J. :
|b Research & Education Association,
|c [1993]
|
| 264 |
|
4 |
|c ©1993
|
| 300 |
|
|
|a xv, 416 pages :
|b illustrations ;
|c 28 cm.
|
| 336 |
|
|
|a text
|b txt
|2 rdacontent
|
| 337 |
|
|
|a unmediated
|b n
|2 rdamedia
|
| 338 |
|
|
|a volume
|b nc
|2 rdacarrier
|
| 500 |
|
|
|a Running title: Guide to law schools.
|
| 650 |
|
0 |
|a Law schools
|z United States
|v Directories.
|
| 710 |
2 |
|
|a Research and Education Association.
|
| 740 |
0 |
|
|a Guide to law schools.
|
| 948 |
|
|
|a c:jal
|
| 999 |
|
|
|a MARS
|
| 999 |
f |
f |
|s 9997e819-1ebf-3b87-b2e4-2c71b7ebafeb
|i 9a007510-81a1-3534-bd4f-2d05a2db5aec
|t 0
|
| 952 |
f |
f |
|p ric
|a Texas A&M University
|b Rellis Campus
|c Joint Library Facility
|d Remote Storage
|t 0
|e KF266 .R43 1993
|h Library of Congress classification
|i unmediated -- volume
|m A14825004432
|
| 998 |
f |
f |
|a KF266 .R43 1993
|t 0
|l Remote Storage
|